La transmission des savoirs

Αποθηκεύτηκε σε:
Λεπτομέρειες βιβλιογραφικής εγγραφής
Κύριος συγγραφέας: Delbos, Genevieve
Άλλοι συγγραφείς: Jorion, Paul
Μορφή: Βιβλίο
Γλώσσα:French
Δημοσίευση: Paris : Editions de la Maison des sciences de l'homme, c1990
Έκδοση:2e ed.
Σειρά:Ethnologie de la France ; ; 2
Θέματα:
Ετικέτες: Προσθήκη ετικέτας
Δεν υπάρχουν, Καταχωρήστε ετικέτα πρώτοι!

MARC

LEADER 00000cam a2200000 i 4500
001 1/102494
008 950504s1990 fre d
020 |a 2-7351-0417-6 
035 |l 10012527 
035 |a 1993  |b 1  |c Καϊλα 
040 |a GR-MY-UA  |b gre  |e aacr 
041 0 |a fre 
082 0 |a 306.36409441 
100 1 |a Delbos, Genevieve. 
245 1 3 |a La transmission des savoirs /  |c Genevieve Delbos, Paul Jorion 
250 |a 2e ed. 
260 |a Paris :   |b Editions de la Maison des sciences de l'homme,   |c c1990 
300 |a 310 σ.;  |b εικ.;  |c 23 εκ. 
490 1 |a Collection Ethnologie de la France  |v ; 2 
504 |a Βιβλιογραφία: σ. [295]-301 
650 0 0 |a Apprentices  |z France  |z Brittany. 
650 0 0 |a Fishers  |z France  |z Brittany. 
650 0 0 |a Salt workers  |z France  |z Brittany. 
700 1 |a Jorion, Paul. 
830 0 |a Ethnologie de la France ;  |v ; 2 
852 |a INST  |b LESVOS  |e 19950504  |h 306.36409441 DEL  |p 005100001299  |q 005100001299  |t BK  |y 0 
852 |a INST  |b RHODES  |e 19980929  |h 331.25922 DEL  |p 005400009719  |q 005400009719  |t BK  |y 0 
901 |a BIBL-1998-2 
909 |a Λ  |b 040624 
909 |a Ρ  |b 027053  |c 1993 
922 |a 1ΔΩΡ  |b 199505  |c TKA